|
|
|
|
| LEADER |
01377nam a2200373Ia 4500 |
| 001 |
EBC992940 |
| 003 |
MiAaPQ |
| 005 |
20200520144314.0 |
| 006 |
m o d | |
| 007 |
cr cn||||||||| |
| 008 |
120523s2012 enk sb 001 0 eng d |
| 020 |
|
|
|z 1848139462
|
| 020 |
|
|
|z 9781848139466
|
| 020 |
|
|
|z 1848139470
|
| 020 |
|
|
|z 9781848139473
|
| 020 |
|
|
|z 9781848139480
|
| 035 |
|
|
|a (MiAaPQ)EBC992940
|
| 035 |
|
|
|a (Au-PeEL)EBL992940
|
| 035 |
|
|
|a (CaPaEBR)ebr10594415
|
| 035 |
|
|
|a (CaONFJC)MIL386156
|
| 035 |
|
|
|a (OCoLC)809769261
|
| 040 |
|
|
|a MiAaPQ
|c MiAaPQ
|d MiAaPQ
|
| 050 |
|
4 |
|a HD75.8
|b .M393 2012
|
| 100 |
1 |
|
|a Mawdsley, Emma.
|
| 245 |
1 |
0 |
|a From recipients to donors
|h [electronic resource] :
|b emerging powers and the changing development landscape /
|c Emma Mawdsley.
|
| 260 |
|
|
|a London ;
|a New York :
|b Zed Books,
|c 2012.
|
| 300 |
|
|
|a x, 270 p.
|
| 504 |
|
|
|a Includes bibliographical references and index.
|
| 533 |
|
|
|a Electronic reproduction. Ann Arbor, MI : ProQuest, 2015. Available via World Wide Web. Access may be limited to ProQuest affiliated libraries.
|
| 650 |
|
0 |
|a Economic development projects
|z Developing countries.
|
| 650 |
|
0 |
|a Investments, Foreign
|z Developing countries.
|
| 655 |
|
4 |
|a Electronic books.
|
| 710 |
2 |
|
|a ProQuest (Firm)
|
| 856 |
4 |
0 |
|u https://ebookcentral.proquest.com/lib/matrademy/detail.action?docID=992940
|z Click to View
|